Michel Sardou - L'an mil paroles - Statistiques

Statistiques générales
  • Ce quiz a été pris 56 fois
  • Le résultat moyen est 129 sur 207
Statistiques - réponses
Réponse % Correct
de
97%
Des
97%
des
97%
À
90%
la
90%
du
87%
le
87%
en
83%
au
80%
cathédrales
80%
ciel
80%
comme
80%
et
77%
Et
77%
un
77%
Un
77%
crucifix
73%
noires
73%
chrétienté
70%
fin
70%
millénaire
70%
abbayes
67%
épées
67%
Aux
63%
Dieu
63%
là-haut
63%
que
63%
tout
63%
avant
60%
humaines
60%
L'apocalypse
60%
L'arrivée
60%
montagnes
60%
nous
60%
sur
60%
années
57%
C'était
57%
colère
57%
fous
57%
fumées
57%
les
57%
l'hiver
57%
milliers
57%
ne
57%
races
57%
voie
57%
Bohême
53%
campagne
53%
Dies Irae
53%
fond
53%
lactée
53%
l'univers
53%
plus
53%
pour
53%
rois
53%
crevant
50%
femmes
50%
haine
50%
horloges
50%
profond
50%
sorcières
50%
forêts
47%
fureur
47%
méchants
47%
ont
47%
comment
43%
enfants
43%
haut
43%
par
43%
peuples
43%
sait
43%
chevaux
40%
Qu'on
40%
hommes
37%
sommet
37%
dressés
33%
se
33%
obscures
30%
viennent
30%
villes
30%
apaiser
27%
assassinent
27%
autres
27%
envoûtées
27%
maisons
27%
sombres
27%
bruits
23%
garder
23%
inhumaines
23%
Lancés
23%
plaines
23%
soufflant
23%
campagnes
20%
d'armures
20%
encore
20%
l'été
20%
peurs
20%
prisonniers
20%
résonnent
20%
conduits
17%
dernière
17%
emmurent
17%
gaspillent
17%
répandent
17%
changent
13%
fontaine
13%
posées
13%
brisés
10%
rouillent
10%
Aucun quiz correspondant
Distribution des résultats
% des personnes avec chaque résultat
Percentile par nombre de réponses
Votre historique - résultats
Vous n’avez pas pris ce quiz